000 00362nam a2200145Ia 4500
008 230312s9999||||xx |||||||||||||| ||und||
020 _a978-8131501726
082 _a512.5
_bSTR-L
100 _aStrong;Gilbert
245 0 _aLinear Algebra and its Applications
260 _bCengage
_aIndia
_c2018
300 _a486
650 _aEconomics
_vAlgebra
942 _cBK
999 _c14262
_d14262